Banks, development financial institutions and credit markets in India: a model of financial intermediation (Record no. 65411)

000 -LEADER
fixed length control field 01130pab a2200205 454500
008 - FIXED-LENGTH DATA ELEMENTS--GENERAL INFORMATION
fixed length control field 180718b2003 xxu||||| |||| 00| 0 eng d
100 ## - MAIN ENTRY--PERSONAL NAME
Personal name Ghosh, Saibal
245 ## - TITLE STATEMENT
Title Banks, development financial institutions and credit markets in India: a model of financial intermediation
260 ## - PUBLICATION, DISTRIBUTION, ETC.
Date of publication, distribution, etc. 2003
300 ## - PHYSICAL DESCRIPTION
Extent p.77-93.
362 ## - DATES OF PUBLICATION AND/OR SEQUENTIAL DESIGNATION
Dates of publication and/or sequential designation Jan-Jun
520 ## - SUMMARY, ETC.
Summary, etc. The present paper examines the interaciton between a bank and a development financial institution (DFIs) in a macroeconomic set-up both of whom can lend for working capital and investment finance purposes. Our analysis reveals that the reduction in the interest rate premium on bounds over the deposit rate is an important pre-requisite for the DFI to raise its market share in both investment finance and working capital lending. Also, greater corporate access to bond financing raises investment, output and the bond rate of interest. - Reproduced.
650 ## - SUBJECT ADDED ENTRY--TOPICAL TERM
Topical term or geographic name entry element Financial markets - India
650 ## - SUBJECT ADDED ENTRY--TOPICAL TERM
Topical term or geographic name entry element Credit - India
650 ## - SUBJECT ADDED ENTRY--TOPICAL TERM
Topical term or geographic name entry element Financial institutions - India
650 ## - SUBJECT ADDED ENTRY--TOPICAL TERM
Topical term or geographic name entry element Banks - India
650 ## - SUBJECT ADDED ENTRY--TOPICAL TERM
Topical term or geographic name entry element Banks
773 ## - HOST ITEM ENTRY
Main entry heading Indian Economic Review
909 ## -
-- 65411
Holdings
Withdrawn status Lost status Damaged status Not for loan Permanent Location Current Location Date acquired Serial Enumeration / chronology Barcode Date last seen Price effective from Koha item type
        Indian Institute of Public Administration Indian Institute of Public Administration 2018-07-19 Volume no: 38, Issue no: 1 AR65863 2018-07-19 2018-07-19 Articles

Powered by Koha